000 00723nam a22002297a 4500
005 20250421105157.0
008 250421b |||||||| |||| 00| 0 eng d
020 _a978-1-85166-691-9 (pbk)
037 _cTB
040 _aAL
_cAL
041 _2eng
_aeng
084 _aQ7 Q0
_qAL
100 _aEsack, Farid
_9752525
245 _aOn being a muslim:
_bFinding a religious path in the world today
260 _aNew York, USA:
_bOneworld Publications,
_c1999.
300 _ax, 212p.
365 _b10.99
_cUKP
650 _aMuslims
_9752526
650 _aReligions
_9752527
942 _2CC
_cTB
_hQ7 Q0
_n0
999 _c1309234
_d1309234